Digitálny story-telling v e-learningu
Digitálny story-telling je efektívna metóda získavania hlbokých ekonomických vedomostí o nových javoch a procesoch, ktoré sú typické najmä pre éru globálnej vedomostnej spoločnosti. Možnosti využitia story-tellingovej scény tak na emitovanie nových ekonomických znalostí a poznatkov, ako aj na ich os...
Guardado en:
| Autor principal: | |
|---|---|
| Formato: | Capítulo de libro |
| Lenguaje: | eslovaco |
| Materias: | |
| Etiquetas: |
Sin Etiquetas, Sea el primero en etiquetar este registro!
|
MARC
| LEADER | 00000nla$a2200000$$$4500 | ||
|---|---|---|---|
| 001 | 0113331 | ||
| 005 | 20251008135621.4 | ||
| 041 | 0 | |a slo | |
| 044 | |a SK | ||
| 245 | 1 | 0 | |a Digitálny story-telling v e-learningu |c Ladislav Andrášik |
| 520 | |a Digitálny story-telling je efektívna metóda získavania hlbokých ekonomických vedomostí o nových javoch a procesoch, ktoré sú typické najmä pre éru globálnej vedomostnej spoločnosti. Možnosti využitia story-tellingovej scény tak na emitovanie nových ekonomických znalostí a poznatkov, ako aj na ich osvojovanie v edukačnom procese jednotlivcami i kolektívmi. | ||
| 610 | 2 | 0 | |a vzdelávanie elektronické |
| 610 | 2 | 0 | |a digitalizácia |
| 610 | 2 | 0 | |a technológie informačné |
| 610 | 2 | 0 | |a programy počítačové |
| 610 | 2 | 0 | |a internet |
| 610 | 2 | 0 | |a spoločnosť vedomostná |
| 100 | 1 | |a Andrášik, Ladislav | |